Statistics for Category Elimination - Words #3

Click here to take the quiz!

General Stats

  • This quiz has been taken 64,761 times
  • The average score is 13 of 20

Answer Stats

Group#Category% Correct
Green283Any word starting with SCH
94%
Blue4030Any 4 letter word
93%
Blue1329... that contains an S
92%
Blue120... and contains a W
91%
Orange277Any word ending in IOUS
86%
Purple127Any word without A, E, I, O or U
77%
Green165... which contains an E
77%
Purple105... which contains a Y
77%
Green39... which is at most 8 letters long
73%
Blue11... which contains a single letter twice
72%
Green19... which contains an M
65%
Orange115... which contains an A
64%
Blue1... which starts with an EEwes
61%
Purple56... which is 5 or more letters
48%
Green1... and ends with GScheming
47%
Orange40... which starts with a vowel
44%
Orange18... which starts with an A
43%
Purple14... which contains an M
39%
Orange1... and contains an XAnxious
33%
Purple1... and starts with a HHymns
30%

Score Distribution

Percentile by Number Answered

Percent of People with Each Score

Your Score History

You have not taken this quiz